=LDR 00000nam 2200000 4500 =001 INLIS000000000017551 =005 20130612112749 =008 ***********************************Ind** =035 ##$$0010-061300000017551 =041 ##$$a Ind =082 ##$$a 2x4 =090 ##$$a 2x4, Tai h =100 ##$$a Taimiyah, Ibn =245 ##$$a Hukum islam dalam tinjauan akal dan hikmah, Ibnu Tamiyah ; penerjemah, Amiruddin Bin Abdul Djalil =260 ##$$a 1997 $b Jakarta =300 ##$$a 310 hlm, 23 cm =650 ##$$a Hukum Islam =850 ##$$a NBPNMAT